NCAAM Basketball Logo Quiz: Southern - Statistics

General Stats
  • This quiz has been taken 144 times
  • The average score is 8 of 10
Answer Stats
Picture Answer % Correct
Chattanooga
93%
Furman
92%
UNC Greensboro
84%
Wofford
83%
Mercer
79%
VMI
77%
The Citadel
73%
East Tennessee St.
68%
Samford
64%
Western Carolina
50%
No matching quizzes found
Score Distribution
Percent of People with Each Score
Percentile by Number Answered
Your Score History
You have not taken this quiz